| 000 | 00507cam a2200193ua 4500 | ||
|---|---|---|---|
| 020 |
_a0-8493-5531-1 _c5603.00 |
||
| 041 |
_aeng _h |
||
| 082 |
_a621.0423 _bGOI/OR |
||
| 100 | _aGoldsetin, Irving S . | ||
| 245 | 0 | 0 |
_aOrganic chemicals from biomass / _cIrving S Goldstein. _hTextual Documents |
| 250 |
_a1 / _b. |
||
| 260 |
_aBocaratton : _bCRC Press Inc. , _c2000. |
||
| 300 | _a218 ; . | ||
| 365 | _a5603.00 | ||
| 500 | _a** Reference | ||
| 504 | _a | ||
| 942 | _cBK | ||
| 999 |
_c10079 _d10079 |
||